00771cam a2200277 c 4500001000600000003000900006005001700015007000600032008004000038015000600078017000900084020001500093035000600108040002500114041001100139080000600150082002100156245007800177250001200255260003100267300002800298500008300326650003900409650003900448700000600487 2120DO-SdBNP20161028130801.0 2120101227s2012 sp a | |||| 000 0 spa  a  a b  a9702212170 a  aBPMSUbspacBPMSUe 1 aspaa  a  aR 463.41 bL332d00aDiccionario pocket :h bespañol-francés, français-espagnol /c  a4ª ed. aMadrid : b Larouse c2012 aXVI, 366 p.bil.c20 cm aLa biblioteca posee la décima séptima reimpresión de la cuarta edición 4aESPAÑOLvDICCIONARIOSxFRANCÉS 4aFRANCÉSvDICCIONARIOSxESPAÑOL a